=LDR 00000nam 2200000 4500 =001 INLIS000000000006425 =005 20220613013939 =035 ##$$a 0010-0622000286 =245 1#$$a Diverse Jeju /$c MONTHLY MAGAZINE =100 1#$$a MAGAZINE, Monthly =250 ##$$a MAJALAH 2019 =300 ##$$a 52 halaman : $b Tabel, Gambar ; $c 22,5x27 cm =260 ##$:$b Korean Culture and Information Service,$c 2019 =082 ##$$a 050.57 =084 ##$$a 050.57 MAG d =990 ##$$a 26/MJ-19